000 00291nam a22001337a 4500
008 170130b xxu||||| |||| 00| 0 eng d
020 _a9780762107131
041 _aeng
080 _a61
100 _a3
101 _aSHMI
245 _aMEDICAL BREAKTHROUGHS
_cBREDENBERG, J
942 _2udc
_cBK
999 _c3956
_d3956